1154 1676 1452 1467 1225 1822 1698 1216 1759 1698 1129 1678 1422 1799 1778 1111 1620 1870 1534 1476 1226 1836 1873 1461 1871 1628 1155 1413 1427 1757 1242 1137 1656 1936 1343 1950 1710 1494 1837 1213 1114 1707 1147 1848 1332 1779 1472 1438 1923 1319 1785 1836 1053 1075 1285 1597 1131 1670 1423 1853 1121 1330 1548 1723 1140 1737 1310 1419 1904 1253 1784 1589 1154 1193 1777 1333 1678 1492 1431 1697 1256 1497 1006 1930 1410 1098 1034 1108 1947 1766 1347 1621 1762 1250 1327 1765 1381 1149 1176 BCNSPRNW ULIB Ver.6.0+V

เปลี่ยนเป็นภาษาไทย

Change to English
 แสดงรายละเอียดบรรณานุกรม
  กลับหน้าหลัก

Brief Record : Get Marc (ISO 2709) : E-mail record : QR code < ปิดหน้าต่าง
LEADER : 00000nam 2200000uu 4500
001    13399112061
003     ULIB
008    110304s2005||||th 000 0 eng d
020    08743493
060  4 QV4^bW198M 2005
100 0  Derek G. Waller
245 00 Medical Pharmacology and therapeutics/^cDerek G. Waller
260    Edinburgh:^bElsevier Saunders,^c2005
300    778 p
650  7 Drug therapy
650  7 Phamacology Clinical
650  7 Pharmaceutical Preparations
945    ^p0^l0^i018290
945    ^p0^l0^i018291
995    ทศพร
999 ^a ใช้งานได้ทุกระบบ
รายการนี้ยังไม่มีแท็ก
คุณยังไม่ได้ล็อกอิน คุณสามารถมีกิจกรรมร่วมกับเว็บไซต์ได้ แต่ต้องล็อกอินก่อน ::
  ล็อกอิน

รายการสื่อสารสนเทศ

ลำดับที่ ประเภท เลขเรียก/บาร์โค้ด สถานที่ สถานะ
1. วิทยาศาสตร์การแพทย์ และสุขภาพ
วิทยาศาสตร์การแพทย์ และสุขภาพ
สถานะ=หนังสือเก่า
QV4 W198M 2005 ฉ.1 
  Barcode: 018290
ห้องสมุดวิทยาเขตสวรรค์ประชารักษ์
►ส่วนจัดเก็บหนังสือเก่า สปร
ถูกยืม กำหนดส่งวันที่ 21 กันยายน 2555
  จอง
2. วิทยาศาสตร์การแพทย์ และสุขภาพ
วิทยาศาสตร์การแพทย์ และสุขภาพ
สถานะ=หนังสือเก่า
QV4 W198M 2005 ฉ.2 
  Barcode: 018291
ห้องสมุดวิทยาเขตสวรรค์ประชารักษ์
►ส่วนจัดเก็บหนังสือเก่า สปร
ถูกยืม กำหนดส่งวันที่ 21 กันยายน 2555
  จอง

รายการใกล้เคียง
    หัวเรื่อง [Drug therapy]
    หัวเรื่อง [Pharmaceutical Preparations]

BibComment


ยังไม่เคยถูกคอมเมนท์

คอมเมนท์ทรัพยากรรายการนี้
  คอมเมนท์: Medical Pharmacol..


 Copyright 2026. Bcnsprnw @Library